Proceso electrónico de datos y técnica de tarjetas perforadas / (Record no. 142799)

MARC details
000 -LEADER
campo de control de longitud fija 00695nam a2200205 i 4500
001 - NÚMERO DE CONTROL
campo de control 142799
003 - IDENTIFICADOR DE NÚMERO DE CONTROL
campo de control ES-MaACL
005 - FECHA Y HORA DE LA ÚLTIMA TRANSACCIÓN
campo de control 20230906200626.0
007 - CAMPO FIJO DE DESCRIPCIÓN FÍSICA--INFORMACIÓN GENERAL
campo de control de longitud fija t|
008 - DATOS DE LONGITUD FIJA--INFORMACIÓN GENERAL
campo de control de longitud fija 071010s1969 sp a |||| | spa d
100 1# - ENTRADA PRINCIPAL--NOMBRE DE PERSONA
Nombre de persona Vieweg, Rolf.
9 (RLIN) 114606
245 10 - MENCIÓN DEL TÍTULO
Título Proceso electrónico de datos y técnica de tarjetas perforadas /
Mención de responsabilidad, etc. Rolf Vieweg ; [traducción, Luis Martínez Montoliu ; revisión, Stefan Hladum].
260 ## - PUBLICACIÓN, DISTRIBUCIÓN, ETC.
Lugar de publicación, distribución, etc. Barcelona :
Nombre del editor, distribuidor, etc. Sagitario,
Fecha de publicación, distribución, etc. [1969]
300 ## - DESCRIPCIÓN FÍSICA
Extensión 171 p. :
Otras características físicas il. ;
Dimensiones 25 cm.
650 ## - PUNTO DE ACCESO ADICIONAL DE MATERIA--TÉRMINO DE MATERIA
Término de materia o nombre geográfico como elemento de entrada Proceso de datos.
9 (RLIN) 16433
650 #4 - PUNTO DE ACCESO ADICIONAL DE MATERIA--TÉRMINO DE MATERIA
Término de materia o nombre geográfico como elemento de entrada Fichas perforadas.
9 (RLIN) 168590
700 1# - ENTRADA AGREGADA--NOMBRE PERSONAL
Nombre de persona Martínez Montoliu, Luis.
9 (RLIN) 78257
700 1# - ENTRADA AGREGADA--NOMBRE PERSONAL
Nombre de persona Hladum, Stefan.
9 (RLIN) 63844
852 ## - LOCALIZACIÓN
Ubicación ES-MaACL
Número de control de estantería C-38614
Holdings
Estatus retirado Estado de pérdida Estado de daño No para préstamo Biblioteca de origen Biblioteca actual Ubicación en estantería Fecha de adquisición Fuente de adquisición Total de préstamos Signatura topográfica completa Código de barras Visto por última vez Precio de reemplazo Tipo de ítem Koha
        Biblioteca del Ateneo de Madrid Biblioteca del Ateneo de Madrid Depósito 2 17/01/2008     C-38614 1148579 23/02/2023 23/02/2023 Libro impreso